000
00314nam a2200109Ia 4500
008
171204s9999 xx 000 0 und d
245
_a
Programming with MATLAB for Beginners:
245
_c
UpSkill Learning
260
_c
2016
650
_x
Programming 1-2
856
_u
http://down.ebook777.com/034/9781536991444.pdf
999
_c
345930
_d
345930